| 000 | 00382nam a22001697a 4500 | ||
|---|---|---|---|
| 005 | 20160613151041.0 | ||
| 008 | 160613b xxu||||| |||| 00| 0 eng d | ||
| 020 | _a81-7224-428-2 | ||
| 041 | _aeng | ||
| 082 | _b7276 | ||
| 100 |
_aAdair, John _9301 |
||
| 245 | _aThe Effective Communication | ||
| 260 | _bJaico Books | ||
| 300 | _a151 | ||
| 650 |
_aManagement _9241 |
||
| 942 | _cBK | ||
| 999 |
_c2538 _d2537 |
||